Código de comercio: anotado, concordado y jurisprudencia

-д хадгалсан:
Номзүйн дэлгэрэнгүй
Үндсэн зохиолч: Canales Mourgues, Juan (Зохиогч)
Формат: Ном
Хэл сонгох:испани
Хэвлэсэн: Santiago Jurídica ConoSur 1992
Цуврал:Códigos de la República
Нөхцлүүд:
Шошгууд: Шошго нэмэх
Шошго байхгүй, Энэхүү баримтыг шошголох эхний хүн болох!

MARC

LEADER 00000nam a2200000 a 4500
001 UCO5238
003 CL-VaPUC
008 000825e19920000CL |||||||||||||||||spa|d
082 0 4 |a 346.07  |b CAN  |2 21 
100 0 |a Canales Mourgues, Juan  |e author  |9 450029 
245 1 0 |a Código de comercio: anotado, concordado y jurisprudencia 
300 |a 646 p 
942 |c BK 
945 |d 20000825 00:00:00  |a vberengu 
260 |a Santiago  |b Jurídica ConoSur  |c 1992 
650 0 |a Derecho comercial   |9 256340 
650 0 |a Comerciantes  |9 267878 
650 0 |a Contabilidad   |9 261430 
650 0 |a Accionistas  |9 386919 
650 0 |a Sociedades comerciales   |9 257290 
650 0 |a Compañía de seguros   |9 413049 
650 0 |a Libre comercio  |9 323018 
651 7 |a CHILE  |2 CL-VaPUC  |9 450030 
583 |a last modification  |c 20000825 00:00:00  |k Rodrigo Vera 
490 0 |a Códigos de la República 
999 |c 291182  |d 291180 
952 |0 0  |1 0  |4 0  |6 346_070000000000000_CAN_1992  |7 0  |8 A  |9 340949  |a BIBDER  |b BIBDER  |d 2019-11-20  |i 3645606  |o 346.07 CAN 1992  |p 3645606  |r 2023-01-25  |w 2019-11-20  |y BK  |k DER